000 00797nam a22002297a 4500
003 UA-OsUOA
001 48719
007 ta
008 20130709b un ||||| |||| 00| 0 ukr d
090 _a01
_bМ69
942 _cBK
040 _aUA-OsUOA
_bukr
_cUA-OsUOA
_dUA-OsUOA
245 _aМихайло Грушевський - перший президент України, академік. Біобліографія (1885-2000 рр.)
_cуклад. Б. Грановський
300 _a384 с.
955 _a1
041 _aukr
080 _a01
260 _aК.
_c2001
650 7 _a01 Бібліографія і бібліографії. Каталоги
_2UDC
999 _c428843
_d428843